Malaysia's agricultural transformation
| Main Author: | |
|---|---|
| Format: | Book |
| Published: |
Petaling Jaya :
Pelanduk Publications (M) Sdn.Bhd. ,
1993
|
| Subjects: |
MARC
| LEADER | 00000cam a2200000 7i4500 | ||
|---|---|---|---|
| 001 | 0000002417 | ||
| 002 | 000002634 | ||
| 005 | 20000330.0 | ||
| 020 | |a 9679784851 | ||
| 090 | 0 | 0 | |a 338.109595 |b SIV |
| 100 | 1 | |a Sivalingam, G | |
| 245 | 1 | 0 | |a Malaysia's agricultural transformation |c G.Sivalingam |
| 260 | |a Petaling Jaya : |b Pelanduk Publications (M) Sdn.Bhd. , |c 1993 | ||
| 300 | |a 217 p. ; |c 22 cm. | ||
| 650 | 0 | 0 | |a Agriculture and state |z Malaysia |
| 999 | |a 036035 |b BUKU |c MALAYSIANA |e PERPUSTAKAAN KOMUNITI PETALING JAYA | ||